Kauimpana merestä sijaitsevat pääkaupungit maanosittain - Statistics

Yleistilastot
  • Tätä visaa on pelattu 296 kertaa
  • Keskiarvotulos 12 / 26
Vastaustilastot
Ryhmät Vinkki Maa % Oikein
Eurooppa 828 Moskova
90%
Pohjois-Amerikka 476 Ottawa
72%
Pohjois-Amerikka 246 México
69%
Etelä-Amerikka 917 Brasília
68%
Eurooppa 429 Kiova
67%
Eurooppa 427 Praha
65%
Oseania 109 Canberra
63%
Eurooppa 426 Minsk
63%
Eurooppa 422 Budapest
61%
Aasia 1311 Ulaanbaatar
61%
Aasia 1661 Astana
56%
Etelä-Amerikka 363 Bogotá
50%
Etelä-Amerikka 522 Sucre
49%
Etelä-Amerikka 904 Asunción
42%
Etelä-Amerikka 163 Quito
40%
Aasia 1784 Taškent
39%
Aasia 2081 Biškek
34%
Aasia 1478 Dušanbe
31%
Pohjois-Amerikka 81 Guatemala
29%
Afrikka 1056 Kigali
28%
Afrikka 1089 N'Djamena
28%
Afrikka 1276 Juba
26%
Pohjois-Amerikka 53 San José
26%
Pohjois-Amerikka 76 Tegucigalpa
23%
Afrikka 967 Bangui
22%
Afrikka 1024 Gitega
20%
Ehtoja vastaavia visoja ei löytynyt
Tulosjakauma
Jokaisen tuloksen saaneiden osuus
Persentiili vastausten määrän mukaan
Tuloshistoriasi
Et ole pelannut tätä visaa